MAASAI MARA UNIVERSITY

LIBRARY CATALOGUE

Contact Us: +254 020 2685356/7 or 0774 057787

Box: 861-20500, NAROK, KENYA

Email: info@mmarau.ac.ke

Microsoft Office Access 2007 step by step / (Record no. 26114)

MARC details
000 -LEADER
fixed length control field 01276cam a22003494a 4500
001 - CONTROL NUMBER
control field 14603096
003 - CONTROL NUMBER IDENTIFIER
control field OSt
005 - DATE AND TIME OF LATEST TRANSACTION
control field 20220525043826.0
008 - FIXED-LENGTH DATA ELEMENTS--GENERAL INFORMATION
fixed length control field 061020s2007 waua 001 0 eng
010 ## - LIBRARY OF CONGRESS CONTROL NUMBER
LC control number 2006937014
020 ## - INTERNATIONAL STANDARD BOOK NUMBER
International Standard Book Number 9780735623033
020 ## - INTERNATIONAL STANDARD BOOK NUMBER
International Standard Book Number 0735623031
040 ## - CATALOGING SOURCE
Original cataloging agency MMU
Transcribing agency MMU
Modifying agency MMU
Language of cataloging eng
050 00 - LIBRARY OF CONGRESS CALL NUMBER
Classification number QA76.9.D3
Item number L347 2007
082 00 - DEWEY DECIMAL CLASSIFICATION NUMBER
Classification number 005.75/65
Edition number 22
100 1# - MAIN ENTRY--PERSONAL NAME
Personal name Lambert, Steve,
Dates associated with a name 1945-
245 10 - TITLE STATEMENT
Title Microsoft Office Access 2007 step by step /
Statement of responsibility, etc. Steve Lambert, M. Dow Lambert, III, and Joan Preppernau.
246 30 - VARYING FORM OF TITLE
Title proper/short title Access 2007 step by step
260 ## - PUBLICATION, DISTRIBUTION, ETC. (IMPRINT)
Place of publication, distribution, etc. Redmond, Wash. :
Name of publisher, distributor, etc. Microsoft Press,
Date of publication, distribution, etc. c2007.
300 ## - PHYSICAL DESCRIPTION
Extent lxv, 313 p. :
Other physical details ill. ;
Dimensions 24 cm.
Accompanying material + 1 CD-ROM (4 3/4 in.)
490 1# - SERIES STATEMENT
Series statement Step by step
500 ## - GENERAL NOTE
General note Includes index.
630 00 - SUBJECT ADDED ENTRY--UNIFORM TITLE
Uniform title Microsoft Access.
650 #0 - SUBJECT ADDED ENTRY--TOPICAL TERM
Topical term or geographic name as entry element Database management.
700 1# - ADDED ENTRY--PERSONAL NAME
Personal name Lambert, M. Dow.
700 1# - ADDED ENTRY--PERSONAL NAME
Personal name Lambert, Joan.
830 #0 - SERIES ADDED ENTRY--UNIFORM TITLE
Uniform title Step by step (Redmond, Wash.)
856 41 - ELECTRONIC LOCATION AND ACCESS
Materials specified Table of contents only
Uniform Resource Identifier <a href="http://www.loc.gov/catdir/toc/fy0707/2006937014.html">http://www.loc.gov/catdir/toc/fy0707/2006937014.html</a>
856 42 - ELECTRONIC LOCATION AND ACCESS
Materials specified Publisher description
Uniform Resource Identifier <a href="http://www.loc.gov/catdir/enhancements/fy1004/2006937014-d.html">http://www.loc.gov/catdir/enhancements/fy1004/2006937014-d.html</a>
856 42 - ELECTRONIC LOCATION AND ACCESS
Materials specified Contributor biographical information
Uniform Resource Identifier <a href="http://www.loc.gov/catdir/enhancements/fy1105/2006937014-b.html">http://www.loc.gov/catdir/enhancements/fy1105/2006937014-b.html</a>
942 ## - ADDED ENTRY ELEMENTS (KOHA)
Source of classification or shelving scheme Library of Congress Classification
Koha item type L
Holdings
Withdrawn status Lost status Source of classification or shelving scheme Damaged status Not for loan Home library Current library Date acquired Source of acquisition Total Checkouts Full call number Barcode Date last seen Date last checked out Price effective from Koha item type
    Library of Congress Classification     Maasai Mara University Library -Main Campus Maasai Mara University Library -Main Campus 03/27/2017 Donation- T4C 3 QA76.9.D3L347 2007 17029450 04/07/2026 03/18/2026 03/27/2017 L
© 2016 Maasai Mara University.